The official Magazine of the International Council for Health Physical Education Recreation Sports, and Dance: African Region

Պահպանված է:
Մատենագիտական մանրամասներ
Ձևաչափ: Գիրք
Լեզու:անգլերեն
Հրապարակվել է: Stirling-Horden Publishers, 2000.
Ցուցիչներ: Ավելացրեք ցուցիչ
Չկան պիտակներ, Եղեք առաջինը, ով նշում է այս գրառումը!

MARC

LEADER 00000nam a22000007a 4500
008 210408b ||||| |||| 00| 0 eng d
020 |a 978-032-096-2 
245 |a The official Magazine of the International Council for Health Physical Education Recreation Sports, and Dance:   |b African Region  |c Igbanugo Veronca C  |g vi, 119p.;  
250 |c Igbanugo Veronca C. 
260 |b Stirling-Horden Publishers,   |c 2000.  |h Nigeria   |i 669635   |l GV201 .Of3  |m Physical education and training – Periodicals.  |m Health education – Periodicals.   |m Recreation education.   |m Health education. 
500 |a “It includes references” 
942 |a lcc  |c BK  |e Adeniran F. A  |f 08/04/2021 
952 |0 0  |1 0  |2 lcc  |4 0  |6 GV0201 O F3  |7 0  |9 2053  |a HOL  |b HOL  |c GJ  |d 2021-04-08  |l 0  |o GV201 .Of3  |p 2021-5910  |r 2021-04-08 00:00:00  |w 2021-04-08  |y BK 
999 |c 1066  |d 1066